[Event "Niedersachsen-ch op A"]
[Site "Verden"]
[Date "2018.01.07"]
[Round "7"]
[White "Niefuend, Michael"]
[Black "Behn, Cord"]
[Result "1/2-1/2"]
[WhiteElo "1777"]
[BlackElo "1751"]
[PlyCount "98"]
[EventDate "2018.01.04"]
[EventType "swiss"]
[EventRounds "7"]
[EventCountry "GER"]
[SourceTitle "EXT 2022"]
[Source "ChessBase"]
[SourceDate "2021.10.06"]
[SourceVersion "1"]
[SourceVersionDate "2021.10.06"]
[SourceQuality "1"]

1. Nf3 Nf6 2. c4 g6 3. Nc3 c5 4. e4 d6 5. d4 cxd4 6. Nxd4 Bg7 7. Be2 0-0 8. Be3 Nc6 9. 0-0 Bd7 10. f3 a6 11. Qd2 Rb8 12. Rac1 Nxd4 13. Bxd4 b5 14. c5 dxc5 15. Bxc5 Be6 16. Qe3 b4 17. Rfd1 Qa5 18. Nd5 Bxd5 19. exd5 Rfc8 20. a3 bxa3 21. b4 Qa4 22. Rd3 Nxd5 23. Rxa3 Qc6 24. Qd2 Nxb4 25. Be3 Qxc1+ 26. Qxc1 Rxc1+ 27. Bxc1 Bd4+ 28. Kf1 Nc2 29. Rd3 Rb1 30. Rd1 Ne3+ 31. Bxe3 Rxd1+ 32. Bxd1 Bxe3 33. Ke2 Bg1 34. h3 f5 35. g4 fxg4 36. fxg4 Kf7 37. Kf3 g5 38. Bb3+ Kf6 39. Ke4 a5 40. Kd5 Be3 41. Ba4 Bd2 42. Bc2 h6 43. Ba4 e6+ 44. Ke4 Bc3 45. Kd3 Ba1 46. Ke4 Ke7 47. Bb3 Kd6 48. Ba2 a4 49. Bc4 Bb2 1/2-1/2

[Event "Niedersachsen-ch op A"]
[Site "Verden"]
[Date "2018.01.05"]
[Round "3"]
[White "Langer, Michael Sebastian"]
[Black "Niefuend, Michael"]
[Result "1-0"]
[WhiteElo "1849"]
[BlackElo "1777"]
[PlyCount "47"]
[EventDate "2018.01.04"]
[EventType "swiss"]
[EventRounds "7"]
[EventCountry "GER"]
[SourceTitle "EXT 2022"]
[Source "ChessBase"]
[SourceDate "2021.10.06"]
[SourceVersion "1"]
[SourceVersionDate "2021.10.06"]
[SourceQuality "1"]

1. Nf3 Nf6 2. d4 e6 3. Bf4 c5 4. e3 d5 5. c3 Bd6 6. Ne5 a6 7. Nd2 0-0 8. Bd3 c4 9. Bc2 b5 10. e4 Bb7 11. Bg5 Be7 12. Qe2 Nbd7 13. Nxd7 Nxd7 14. Bxe7 Qxe7 15. e5 f5 16. exf6 Rxf6 17. Nf3 Raf8 18. 0-0 Rxf3 19. gxf3 e5 20. Rae1 Rf4 21. Kh1 Qh4 22. Rg1 Nf6 23. Qxe5 Bc8 24. Rg3 1-0